000 00492nam a2200157Ia 4500
008 240729s9999 xx 000 0 und d
022 _a2577-6789
245 0 _aJournal of Research in Science, Mathematics and Technology Education
260 _aUnited States
260 _bEastern Mennonite University
650 _a Special aspects of education
650 _aTechnology | Education
856 _uhttps://doaj.org/toc/fc4cbdbfe2584008a5f26ddca0b71f9f
942 _2ddc
942 _cDOAJEJ
999 _c67885
_d67885
945 _a1
_bMadushi Gamage
_c1
_dMadushi Gamage